000 00612nam a22001937a 4500
003 OSt
005 20250625044011.0
008 250625b |||||||| |||| 00| 0 eng d
020 _a978-971-9656-16-6
040 _aDWCL - Main lib
_cOC
082 _aFil. 375.001 R456c 2015
100 _aReyes, Emerita
245 _aCurriculum Development/
_cEmerita Reyes
260 _aQuezon City, Philippines :
_bAdriana publishing,
_cc2015.
300 _axiii, 218 pages :
_b illustrations ;
_c25cm.
504 _aIncludes bibliographic references
650 _a1. curriculum planning
942 _2ddc
_cBK - FIL
_kFil.
_n0
999 _c3272
_d3272